|
|
|
|
| LEADER |
00000nam a2200000 a 4500 |
| 001 |
UCS0207 |
| 003 |
CL-VaPUC |
| 008 |
970418e19610000CK |||||||||||||||||spa|d |
| 082 |
0 |
4 |
|a 364.019
|b ALT
|2 21
|
| 100 |
0 |
|
|a Altavilla, Enrico
|e author
|9 383411
|
| 245 |
1 |
3 |
|a La dinámica del delito
|
| 300 |
|
|
|a 2 v
|
| 942 |
|
|
|c BK
|
| 945 |
|
|
|d 19970418 00:00:00
|a paguirre
|
| 260 |
|
|
|a Bogotá
|b Temis
|c 1961
|
| 500 |
|
|
|a v.1: La personalidad del delincuente
|
| 500 |
|
|
|a v.2: Figuras específicas de delincuentes y de delitos. Diagnóstico de imputabilidad y pronóstico de peligrosidad
|
| 650 |
|
0 |
|a Delitos
|9 224143
|
| 650 |
|
7 |
|a DERECHO PENAL
|2 CL-VaPUC
|9 11
|
| 650 |
|
7 |
|a PSICOLOGIA CRIMINAL
|2 CL-VaPUC
|9 256274
|
| 650 |
|
0 |
|a Trastornos de la personalidad
|9 307698
|
| 650 |
|
0 |
|a Emociones
|9 265224
|
| 650 |
|
0 |
|a Trastornos emocionales
|9 307307
|
| 650 |
|
0 |
|a Dolor
|9 313052
|
| 650 |
|
0 |
|a Ira
|9 317589
|
| 650 |
|
7 |
|a SUFRIMIENTO
|2 CL-VaPUC
|9 323030
|
| 650 |
|
0 |
|a Enfermedades mentales
|9 310204
|
| 650 |
|
0 |
|a Problemas sociales
|9 258537
|
| 650 |
|
7 |
|a DELINCUENTES
|2 CL-VaPUC
|9 315465
|
| 650 |
|
7 |
|a CRIMINALES
|2 CL-VaPUC
|9 322996
|
| 650 |
|
7 |
|a HOMICIDIO
|2 CL-VaPUC
|9 336529
|
| 650 |
|
0 |
|a Delitos sexuales
|9 256093
|
| 583 |
|
|
|a last modification
|c 19970418 00:00:00
|k Rodrigo Vera
|
| 999 |
|
|
|c 258448
|d 258446
|
| 952 |
|
|
|0 0
|1 0
|4 0
|6 364_019000000000000_ALT_1961
|7 0
|8 A
|9 282551
|a BIBDER
|b BIBDER
|d 2019-11-19
|h v.1
|i 1831879
|o 364.019 ALT 1961
|p 1831879
|r 2023-01-25
|w 2019-11-19
|y BK
|k DER
|
| 952 |
|
|
|0 0
|1 0
|4 0
|6 364_019000000000000_ALT_1961
|7 0
|8 A
|9 282552
|a BIBDER
|b BIBDER
|d 2019-11-19
|h v.2
|i 1831887
|o 364.019 ALT 1961
|p 1831887
|r 2023-01-25
|w 2019-11-19
|y BK
|k DER
|